000 00651nam a2200205 i 4500
001 145030
003 ES-MaACL
005 20230906201141.0
007 t|
008 070214s1982 pe |||| | spa d
100 1 _aSotelo Mejía, José.
_9107460
245 1 0 _aPoemas /
_cJosé Sotelo Mejía.
260 _aHuarás (Perú) :
_bInstituto Nacional de Cultura Filial Áncash,
_c1982.
300 _a44 p. ;
_c22 cm.
490 1 _aCuadernos de difusión ;
_v36
710 2 _aInstituto Nacional de Cultura Filial Ancash (Perú?)
_95149
830 0 _aCuadernos de difusión ;
_v36
_9220730
852 _aES-MaACL
_j2123-F-15
999 _c145030
_d145030